Can buildings with special status meet special needs? (Record no. 73419)
[ view plain ]
| 000 -LEADER | |
|---|---|
| fixed length control field | 00984cam a2200205 4500 |
| 001 - CONTROL NUMBER | |
| control field | ABS67034 |
| 008 - FIXED-LENGTH DATA ELEMENTS--GENERAL INFORMATION | |
| fixed length control field | 030917n2003 000 0 eng u |
| 035 ## - SYSTEM CONTROL NUMBER | |
| System control number | (Sirsi) u123638 |
| 100 ## - MAIN ENTRY--PERSONAL NAME | |
| Personal name | Portlock, S. |
| 245 ## - TITLE STATEMENT | |
| Title | Can buildings with special status meet special needs? |
| 260 ## - PUBLICATION, DISTRIBUTION, ETC. | |
| Date of publication, distribution, etc. | 2003 |
| 490 ## - SERIES STATEMENT | |
| Series statement | Architects' Journal |
| Volume/sequential designation | 218(7) 28 August 2003, 20-21(2) |
| 520 ## - SUMMARY, ETC. | |
| Summary, etc. | Discusses how listed buildings can comply with the Disability Discrimination Act. Looks at three different listed buildings to see how they have tackled the issue. Concludes that although some progress has been made towards the adaptation of these buildings to the needs of the disabled, there are still improvements which can be achieved. |
| 590 ## - LOCAL NOTE (RLIN) | |
| Local note | ABS |
| 650 ## - SUBJECT ADDED ENTRY--TOPICAL TERM | |
| Topical term or geographic name entry element | MANAGEMENT-BUSINESS MANAGEMENT-DISCRIMINATION-DISABILITY DISCRIMINATION-ACCESSIBILITY |
| 650 ## - SUBJECT ADDED ENTRY--TOPICAL TERM | |
| Topical term or geographic name entry element | DISABILITY DISCRIMINATION ACT 1995 |
| 650 ## - SUBJECT ADDED ENTRY--TOPICAL TERM | |
| Topical term or geographic name entry element | LISTED BUILDINGS |
| 690 ## - LOCAL SUBJECT ADDED ENTRY--TOPICAL TERM (OCLC, RLIN) | |
| Topical term or geographic name as entry element | BUILT ENVIRONMENT-CONSTRUCTION DESIGN |
| 942 ## - ADDED ENTRY ELEMENTS (KOHA) | |
| Suppress in OPAC | 0 |
| Withdrawn status | Lost status | Source of classification or shelving scheme | Damaged status | Not for loan | Home library | Current library | Shelving location | Date acquired | Total Checkouts | Full call number | Barcode | Date last seen | Copy number | Price effective from | Koha item type |
|---|---|---|---|---|---|---|---|---|---|---|---|---|---|---|---|
| Dewey Decimal Classification | London | London | Journal article | 17/09/2003 | ABS67034 | 123638-1001 | 06/08/2019 | 1 | 06/08/2019 | Journal article |